Uso directo de la energía solar / (Record no. 51708)

MARC details
000 -LEADER
campo de control de longitud fija 00539nam a2200181 i 4500
001 - NÚMERO DE CONTROL
campo de control 51708
003 - IDENTIFICADOR DE NÚMERO DE CONTROL
campo de control ES-MaACL
005 - FECHA Y HORA DE LA ÚLTIMA TRANSACCIÓN
campo de control 20230906162422.0
007 - CAMPO FIJO DE DESCRIPCIÓN FÍSICA--INFORMACIÓN GENERAL
campo de control de longitud fija t|
008 - DATOS DE LONGITUD FIJA--INFORMACIÓN GENERAL
campo de control de longitud fija 030818s1977 sp ||||1| spa d
100 1# - ENTRADA PRINCIPAL--NOMBRE DE PERSONA
Nombre de persona Daniels, Farrington.
9 (RLIN) 42635
245 10 - MENCIÓN DEL TÍTULO
Título Uso directo de la energía solar /
Mención de responsabilidad, etc. Farrington Daniels ; [traducción, Enrique Zoido].
250 ## - MENCION DE EDICION
Mención de edición [1ª ed.].
260 ## - PUBLICACIÓN, DISTRIBUCIÓN, ETC.
Lugar de publicación, distribución, etc. Madrid :
Nombre del editor, distribuidor, etc. Blume,
Fecha de publicación, distribución, etc. [1977]
300 ## - DESCRIPCIÓN FÍSICA
Extensión XIV, 288 p. :
Otras características físicas il. ;
Dimensiones 21 cm.
700 1# - ENTRADA AGREGADA--NOMBRE PERSONAL
Nombre de persona Zoido, Enrique.
9 (RLIN) 118329
852 ## - LOCALIZACIÓN
Ubicación ES-MaACL
Número de control de estantería A-8438
Sublocalización o colección R.97189
Holdings
Estatus retirado Estado de pérdida Estado de daño No para préstamo Biblioteca de origen Biblioteca actual Ubicación en estantería Fecha de adquisición Fuente de adquisición Total de préstamos Signatura topográfica completa Código de barras Visto por última vez Precio de reemplazo Tipo de ítem Koha
        Biblioteca del Ateneo de Madrid Biblioteca del Ateneo de Madrid Depósito 1 17/01/2008     A-8438 1054375 23/02/2023 23/02/2023 Libro impreso